000
00254nam a2200109Ia 4500
008
190216s9999||||xx |||||||||||||| ||und||
100
_a
Meyer B S & Anderson D B
245
0
_a
Plant Physiology
260
_b
Vannostrand
650
_a
Botany
942
_c
BK
999
_c
1022
_d
1022